Name All the Roman Emperors - Statistics

General Stats
  • This quiz has been taken 34 times
    31 since last reset
  • The average score is 20 of 79
Answer Stats
Hint Answer % Correct
27 B.C. - 14 A.D. Augustus
100%
54 - 68 A.D. Nero
100%
14 - 37 A.D. Tiberius
92%
37 - 41 A.D. Caligula
83%
41 - 54 A.D. Claudius
83%
68 - 69 A.D. Galba
75%
117 - 138 A.D. Hadrian
75%
161 - 180 A.D. Marcus Aurelius
75%
69 A.D. Otho
75%
79 - 81 A.D. Titus
75%
98 - 117 A.D. Trajan
75%
69 - 79 A.D. Vespasian
75%
81 - 96 A.D. Domitian
67%
69 A.D. Vitellius
67%
138 - 161 A.D. Antoninus Pius
58%
138 - 161 A.D. Antoninus Pius
50%
161 - 180 A.D. Marcus Aurelius
50%
96 - 98 A.D. Nerva
50%
177 - 192 A.D. Commodus
42%
363 - 364 A.D. Jovian
42%
222 - 235 A.D. Alexander Severus
33%
307 - 337 A.D. Constantine I
33%
337 - 340 A.D. Constantine II
33%
235 - 238 A.D. Maximinus I
33%
193 - 235 A.D. Septimius
33%
337 - 350 A.D. Constans
25%
218 - 222 A.D. Elagabalus
25%
238 A.D. (in Africa) Gordian I (with Gordian II)
25%
270 - 275 A.D. Aurelian
17%
211 - 217 A.D. Caracalla
17%
337 - 361 A.D. Constantius II
17%
193 A.D. Didius Julianus
17%
238 A.D. (in Africa) Gordian II (with Gordian I)
17%
193 A.D. Pertinax
17%
364 - 375 A.D. Valentinian
17%
253 A.D. Aemilianus
8%
455 - 456 A.D. Avitus
8%
238 A.D. (in Italy) Balbinus (with Pupienus)
8%
283 - 284 A.D. Carinus
8%
282 - 283 A.D. Carus
8%
268 - 270 A.D. Claudius II Gothicus
8%
305 - 306 A.D. Constantius I
8%
276 A.D. Florianus
8%
253 - 268 A.D. Gallienus (with Valerian)
8%
473 - 474 A.D Glycerius
8%
238 - 244 A.D. Gordian III
8%
375 - 383 A.D. Gratian
8%
395 - 423 A.D Honorius
8%
361 - 363 A.D. Julian
8%
474 - 475 A.D. Julius Nepos
8%
217 - 218 A.D. Macrinus
8%
283 - 284 A.D. Numerianus
8%
455 A.D. Petronius Maximus
8%
244 - 249 A.D. Philip the Arab
8%
276 - 282 A.D. Probus
8%
238 A.D. (in Italy) Pupienus (with Balbinus)
8%
270 A.D. Quintillus
8%
375 - 476 A.D. Romulus Augustus
8%
306 - 307 A.D. Severus II
8%
275 - 276 A.D. Tacitus
8%
249 - 251 A.D. Trajan Decius
8%
375 - 392 A.D. Valentinian II
8%
467 - 472 A.D. Anthemius
0%
421 A.D. Constantinius III
0%
218 A.D. Diadumenianus
0%
284 - 305 A.D. Diocletian (and Tetrarchy)
0%
392 - 394 A.D. Eugenius
0%
211 - 212 A.D. Geta (with Caracalla)
0%
423 - 425 A.D. John
0%
161 - 169 A.D. Lucius Verus (with Marcus Aurelius)
0%
350 - 353 A.D. Magnentius
0%
457 - 461 A.D. Majorian
0%
177 - 180 A.D. Marcus Aurelius (with Commodus)
0%
287 - 305 A.D. Maximianus
0%
472 A.D. Olybrius
0%
194 A.D Pescennius Niger
0%
461 - 465 A.D. Severus III
0%
251 - 253 A.D. Trebonianus Gallus (with Volusian)
0%
425 - 455 A.D. Valentinian III
0%
No matching quizzes found
Score Distribution
Percent of People with Each Score
Percentile by Number Answered
Your Score History
You have not taken this quiz since the last reset